[Event "Klatovy op-B 29th"]
[Site "Klatovy"]
[Date "2023.07.06"]
[Round "6"]
[White "Mlynek, Jakub"]
[Black "Vavrinkova, Jitka"]
[Result "1/2-1/2"]
[WhiteElo "1223"]
[BlackElo "1570"]
[PlyCount "74"]
[EventDate "2023.07.01"]
[EventType "swiss"]
[EventRounds "9"]
[EventCountry "CZE"]
[SourceTitle "CBM 215 Extra"]
[Source "ChessBase"]
[SourceDate "2023.09.30"]
[SourceVersion "1"]
[SourceVersionDate "2023.09.30"]
[SourceQuality "1"]

1. d4 e6 2. c4 c6 3. Nf3 d5 4. Nc3 Nf6 5. Bg5 Be7 6. e3 Nbd7 7. Bd3 0-0 8. 0-0 Re8 9. Rc1 a6 10. c5 Nf8 11. Qc2 N6d7 12. Bf4 Ng6 13. Bg3 Bf6 14. b4 e5 15. dxe5 Ndxe5 16. Nxe5 Bxe5 17. Bxe5 Rxe5 18. Ne2 Qh4 19. Bxg6 hxg6 20. Nf4 Bf5 21. Qc3 f6 22. f3 Kf7 23. Qe1 Qh6 24. Qf2 Rae8 25. Rc3 g5 26. Ne2 Qh7 27. Nd4 Bd3 28. Re1 Bc4 29. a3 f5 30. Qc2 g6 31. g3 f4 32. e4 fxg3 33. hxg3 g4 34. Qd2 g5 35. Nf5 Kg6 36. fxg4 Rh8 37. Qg2 Rhe8 1/2-1/2

[Event "Klatovy op-B 29th"]
[Site "Klatovy"]
[Date "2023.07.03"]
[Round "3"]
[White "Krivka, Lukas"]
[Black "Vavrinkova, Jitka"]
[Result "0-1"]
[WhiteElo "1369"]
[BlackElo "1570"]
[PlyCount "104"]
[EventDate "2023.07.01"]
[EventType "swiss"]
[EventRounds "9"]
[EventCountry "CZE"]
[SourceTitle "CBM 215 Extra"]
[Source "ChessBase"]
[SourceDate "2023.09.30"]
[SourceVersion "1"]
[SourceVersionDate "2023.09.30"]
[SourceQuality "1"]

1. e4 e6 2. d4 d5 3. Nc3 Nf6 4. Bg5 Be7 5. Bxf6 Bxf6 6. e5 Be7 7. Qg4 g6 8. Nf3 c5 9. Bd3 Nc6 10. Ne2 c4 11. Bxc4 dxc4 12. c3 0-0 13. h4 h5 14. Qf4 Kg7 15. g4 Rh8 16. gxh5 Rxh5 17. Ng3 Rh6 18. h5 g5 19. Qg4 f5 20. exf6+ Bxf6 21. Nxg5 Bxg5 22. f4 e5 23. Qxg5+ Qxg5 24. fxg5 Rh8 25. Nf5+ Bxf5 26. dxe5 Nxe5 27. Rd1 Nd3+ 28. Kf1 Raf8 29. Kg1 Bg4 30. h6+ Kg6 31. Rf1 Rxf1+ 32. Kxf1 Rh7 33. b3 cxb3 34. axb3 Kxg5 35. Rg1 Rxh6 36. Rg3 Rf6+ 37. Kg1 Nc1 38. Re3 Nxb3 39. Re7 Bf3 40. Rg7+ Kf5 41. Kf2 Kf4 42. Rh7 Nc5 43. Rh4+ Bg4 44. Ke1 Rd6 45. Rh8 Ke3 46. Re8+ Kd3 47. Re5 Re6 48. Rxe6 Bxe6 49. Kf2 Kxc3 50. Ke3 a5 51. Ke2 Bb3 52. Ke3 a4 0-1

[Event "Klatovy op-B 23rd"]
[Site "Klatovy"]
[Date "2017.07.03"]
[Round "3"]
[White "Skalny, Petr"]
[Black "Vavrinkova, Jitka"]
[Result "1/2-1/2"]
[WhiteElo "1767"]
[BlackElo "1676"]
[PlyCount "45"]
[EventDate "2017.07.01"]
[EventType "swiss"]
[EventRounds "9"]
[EventCountry "CZE"]
[SourceTitle "EXT 2018"]
[Source "ChessBase"]
[SourceDate "2017.10.13"]
[SourceVersion "1"]
[SourceVersionDate "2017.10.13"]
[SourceQuality "1"]

1. d4 d5 2. c4 Nf6 3. Nf3 Bf5 4. cxd5 Qxd5 5. Nc3 Qa5 6. Bd2 e6 7. a3 c6 8. Ne4 Qc7 9. Nxf6+ gxf6 10. g3 Nd7 11. Bg2 0-0-0 12. 0-0 Be4 13. Qa4 Qb8 14. Bf4 Nb6 15. Bxb8 Nxa4 16. Bxa7 Nxb2 17. Nd2 Bxg2 18. Kxg2 b5 19. Ne4 f5 20. Nc3 Na4 21. Rfc1 Nxc3 22. Rxc3 Kb7 23. Bc5 1/2-1/2

[Event "Senica op 6th"]
[Site "Senica"]
[Date "2014.08.27"]
[Round "1"]
[White "Andras, Tomas"]
[Black "Vavrinkova, Jitka"]
[Result "1-0"]
[WhiteElo "2106"]
[BlackElo "1590"]
[PlyCount "69"]
[EventDate "2014.08.27"]
[EventType "swiss"]
[EventRounds "7"]
[EventCountry "SVK"]
[SourceTitle "EXT 2016"]
[Source "ChessBase"]
[SourceDate "2015.10.08"]
[SourceVersion "1"]
[SourceVersionDate "2015.10.08"]
[SourceQuality "1"]

1. e4 e5 2. f4 d6 3. Nf3 Nf6 4. Nc3 exf4 5. d4 Bg4 6. Bxf4 Nc6 7. Bb5 Nd7 8. Qd2 Bxf3 9. gxf3 Qh4+ 10. Bg3 Qh5 11. 0-0-0 Be7 12. Nd5 Bd8 13. f4 f6 14. Qc3 Ne7 15. Rhe1 c6 16. Be2 Qf7 17. Nxe7 Bxe7 18. e5 fxe5 19. dxe5 dxe5 20. Bc4 Qf5 21. Qb3 Nc5 22. Qe3 Nd7 23. Rxd7 Qxd7 24. Qxe5 Rd8 25. a3 Kf8 26. Be6 Bf6 27. Qc5+ Qd6 28. Qxa7 Qd4 29. Qxb7 Qxb2+ 30. Qxb2 Bxb2+ 31. Kxb2 Rd4 32. Kc3 c5 33. Bf2 Rxf4 34. Bxc5+ Ke8 35. Rb1 1-0